000 00425pab a2200157 454500
008 180718b1996 xxu||||| |||| 00| 0 eng d
100 _aRao, N. Sudhakar
245 _aIdeology, power and resistance in a South Indian village
260 _c1996
300 _ap.205-32
362 _aSep
650 _aUntouchables - India - Andhra Pradesh
650 _aSocial problems
773 _aSociological Bulletin
909 _a33970
999 _c33970
_d33970